00551nam a22001817a 450000500170000001000170001702000260003403500170006003700120007708200080008910000180009724500770011524600370019226000360022927000660026530000320033150000060036320191005130631.0 aB-506586-587 a9788131755433c425.00 aB-506586-587 aKKP/Ven a541 aSinghal, Atul aThe pearson guide to physical chemistry for the AIPMT /bby Atul Singhal aphysical chemistry for the AIPMT aDelhi bPearson Education c20? a7th Floor, Knowledge Boulevard, A-8(A), Sec-62bNoidae201309 aVarious pagesc25 cm (pbk)  a.